Relationship of ground water to the discharge of the Leona River in Uvalde and Zavala Counties, Texas, (Record no. 28235)
[ view plain ]
| 000 -LEADER | |
|---|---|
| fixed length control field | 01125cam a22003011 4500 |
| 001 - CONTROL NUMBER | |
| control field | gs 48000012 |
| 003 - CONTROL NUMBER IDENTIFIER | |
| control field | DLC |
| 005 - DATE AND TIME OF LATEST TRANSACTION | |
| control field | 20260227111353.0 |
| 008 - FIXED-LENGTH DATA ELEMENTS--GENERAL INFORMATION | |
| fixed length control field | 800318s1947 dcub b s000 0 eng c |
| 010 ## - LIBRARY OF CONGRESS CONTROL NUMBER | |
| LC control number | gs 48000012 |
| 035 ## - SYSTEM CONTROL NUMBER | |
| System control number | (OCoLC)6098479 |
| 040 ## - CATALOGING SOURCE | |
| Original cataloging agency | U.S. Geol. Survey. Libr. |
| Transcribing agency | OCl |
| Modifying agency | OCoLC |
| -- | DLC |
| 042 ## - AUTHENTICATION CODE | |
| Authentication code | premarc |
| 050 00 - LIBRARY OF CONGRESS CALL NUMBER | |
| Classification number | GB705.T4 |
| Item number | A5 1947 |
| 082 ## - DEWEY DECIMAL CLASSIFICATION NUMBER | |
| Classification number | 551.49 |
| 110 2# - MAIN ENTRY--CORPORATE NAME | |
| Corporate name or jurisdiction name as entry element | Texas Water Commission. |
| 245 00 - TITLE STATEMENT | |
| Title | Relationship of ground water to the discharge of the Leona River in Uvalde and Zavala Counties, Texas, |
| Statement of responsibility, etc. | by Penn Livingston. Prepared in cooperation with the United States Dept of the Interior, Geological Survey. |
| 260 ## - PUBLICATION, DISTRIBUTION, ETC. | |
| Place of publication, distribution, etc. | Washington] |
| Date of publication, distribution, etc. | 1947. |
| 300 ## - PHYSICAL DESCRIPTION | |
| Extent | 52 l. |
| Other physical details | maps (2 fold.) |
| Dimensions | 28 cm. |
| 500 ## - GENERAL NOTE | |
| General note | At head of title: Texas Board of Water Engineers. |
| 504 ## - BIBLIOGRAPHY, ETC. NOTE | |
| Bibliography, etc. note | Includes references. |
| 651 #0 - SUBJECT ADDED ENTRY--GEOGRAPHIC NAME | |
| Geographic name | Leona River (Tex.) |
| 650 #0 - SUBJECT ADDED ENTRY--TOPICAL TERM | |
| Topical term or geographic name entry element | Groundwater |
| Geographic subdivision | Texas |
| -- | Uvalde County. |
| 650 #0 - SUBJECT ADDED ENTRY--TOPICAL TERM | |
| Topical term or geographic name entry element | Groundwater |
| Geographic subdivision | Texas |
| -- | Zavala County. |
| 650 #0 - SUBJECT ADDED ENTRY--TOPICAL TERM | |
| Topical term or geographic name entry element | Water-supply |
| Geographic subdivision | Texas |
| -- | Uvalde County. |
| 650 #0 - SUBJECT ADDED ENTRY--TOPICAL TERM | |
| Topical term or geographic name entry element | Water-supply |
| Geographic subdivision | Texas |
| -- | Zavala County. |
| 700 1# - ADDED ENTRY--PERSONAL NAME | |
| Personal name | Livingston, Penn |
| Fuller form of name | (Penn Poore), |
| Dates associated with a name | 1899- |
No items available.